000 00622nam a2200157 4500
999 _c14479
_d14479
008 190927b ||||| |||| 00| 0 eng d
022 _a00223514
082 _aDPer 302.05 J82 July-Sept 2016 v. 111, n. 1-3.
100 _939988
_aMaglio, Sam J.
245 _aRevising probability estimates:
_bwhy increasing likelihood means increasing impact/
_cSam J. Maglio and Evan Polman.
260 _aWashington DC:
_bAmerican Psychological Association,
_c©2016.
300 _av111 n2, pages 141-158:
_billustrations;
_c27 cm.
650 _aPsychology
_xDecision making.
_940878
700 _939989
_aPolman, Evan.
942 _2ddc
_cPER